Brown bread (Record no. 70903)
[ view plain ]
| 000 -LEADER | |
|---|---|
| fixed length control field | 01195cam a2200265 4500 |
| 001 - CONTROL NUMBER | |
| control field | ABS65723 |
| 008 - FIXED-LENGTH DATA ELEMENTS--GENERAL INFORMATION | |
| fixed length control field | 020805n2002 000 0 eng u |
| 035 ## - SYSTEM CONTROL NUMBER | |
| System control number | (Sirsi) u119215 |
| 100 ## - MAIN ENTRY--PERSONAL NAME | |
| Personal name | Knutt, E |
| 245 ## - TITLE STATEMENT | |
| Title | Brown bread |
| 260 ## - PUBLICATION, DISTRIBUTION, ETC. | |
| Date of publication, distribution, etc. | 2002 |
| 490 ## - SERIES STATEMENT | |
| Series statement | Estates Gazette |
| Volume/sequential designation | 230 27 July 2002, 52-53 (2) |
| 520 ## - SUMMARY, ETC. | |
| Summary, etc. | Examines the Housing Market Renewal Fund, £500m directed towards nine low housing demand areas in the North of England. Goverment estimates there to be 880 000 owner-occupied and council/housing association owned homes in England which can be defined as low demand. Local authorities in these areas have been working on preliminary plans on how to spend the funding. Each of the nine pathfinder schemes will pursue a fairly independent path stabilising local housing markets, getting developers to revitialise whole locations; working sub-regionally inpartnership structures. |
| 590 ## - LOCAL NOTE (RLIN) | |
| Local note | ABS |
| 650 ## - SUBJECT ADDED ENTRY--TOPICAL TERM | |
| Topical term or geographic name entry element | MANCHESTER |
| 650 ## - SUBJECT ADDED ENTRY--TOPICAL TERM | |
| Topical term or geographic name entry element | MERSEYSIDE |
| 650 ## - SUBJECT ADDED ENTRY--TOPICAL TERM | |
| Topical term or geographic name entry element | SOUTH YORKSHIRE |
| 650 ## - SUBJECT ADDED ENTRY--TOPICAL TERM | |
| Topical term or geographic name entry element | HUMBERSIDE |
| 650 ## - SUBJECT ADDED ENTRY--TOPICAL TERM | |
| Topical term or geographic name entry element | TYNESIDE |
| 650 ## - SUBJECT ADDED ENTRY--TOPICAL TERM | |
| Topical term or geographic name entry element | EAST LANCASHIRE |
| 650 ## - SUBJECT ADDED ENTRY--TOPICAL TERM | |
| Topical term or geographic name entry element | HOUSING MARKET RENEWAL FUND |
| 650 ## - SUBJECT ADDED ENTRY--TOPICAL TERM | |
| Topical term or geographic name entry element | REGENERATION |
| 690 ## - LOCAL SUBJECT ADDED ENTRY--TOPICAL TERM (OCLC, RLIN) | |
| Topical term or geographic name as entry element | HOUSING |
| 942 ## - ADDED ENTRY ELEMENTS (KOHA) | |
| Suppress in OPAC | 0 |
| Withdrawn status | Lost status | Source of classification or shelving scheme | Damaged status | Not for loan | Home library | Current library | Shelving location | Date acquired | Total Checkouts | Full call number | Barcode | Date last seen | Copy number | Price effective from | Koha item type |
|---|---|---|---|---|---|---|---|---|---|---|---|---|---|---|---|
| Dewey Decimal Classification | London | London | Journal article | 05/08/2002 | ABS65723 | 119215-1001 | 06/08/2019 | 1 | 06/08/2019 | Journal article |